书目信息 |
| 题名: |
数字化城市管理信息系统基本原理
|
|
| 作者: | 杨戌标 总主编 ;何荣坤 主编 | |
| 分册: | ||
| 出版信息: | 杭州 浙江大学出版社 2006.07 |
|
| 页数: | 130页 | |
| 开本: | 23cm | |
| 丛书名: | 数字化城市管理信息系统实务丛书 | |
| 单 册: | ||
| 中图分类: | TU984-39 | |
| 科图分类: | ||
| 主题词: | 地理信息系统--di li xin xi xi tong--应用--城市管理 | |
| 电子资源: | ||
| ISBN: | 7-89490-263-2 | |
| 000 | 01087nam 2200265 450 | |
| 001 | 012008647454 | |
| 005 | 20080606083958.50 | |
| 010 | @a7-89490-263-2@dCNY22.00 | |
| 100 | @a20080605d2006 em y0chiy0120 ea | |
| 101 | 0 | @achi |
| 102 | @aCN@b330000 | |
| 105 | @aa z 000yy | |
| 106 | @ar | |
| 200 | 1 | @a数字化城市管理信息系统基本原理@Ashu zi hua cheng shi guan li xin xi xi tong ji ben yuan li@f杨戌标总主编@Fyang xu biao zong zhu bian@g何荣坤主编@Ghe rong kun zhu bian |
| 210 | @a杭州@c浙江大学出版社@d2006.07 | |
| 215 | @a130页@c图@d23cm | |
| 225 | 2 | @a数字化城市管理信息系统实务丛书@Ashu zi hua cheng shi guan li xin xi xi tong shi wu cong shu@v一 |
| 330 | @a本丛书包括三册:数字化城市管理信息系统基本原理,数字化城市管理信息系统操作指南,数字化城市管理信息系统标准汇编。 | |
| 410 | 0 | @12001 @a数字化城市管理信息系统实务丛书 |
| 606 | 0 | @a地理信息系统@Adi li xin xi xi tong@x应用@x城市管理 |
| 690 | @aTU984-39@v4 | |
| 701 | 0 | @a杨戌标@Ayang xu biao@4总主编 |
| 702 | 0 | @a何荣坤@Ahe rong kun@4主编 |
| 801 | 0 | @aCN@bQSSK@c20080606 |
| 905 | @b724568-70@dTU984-39@eY300@f3 | |
| 数字化城市管理信息系统基本原理/杨戌标总主编/何荣坤主编.-杭州:浙江大学出版社,2006.07 |
| 130页:图;23cm.-(数字化城市管理信息系统实务丛书;一) |
| ISBN 7-89490-263-2:CNY22.00 |
| 本丛书包括三册:数字化城市管理信息系统基本原理,数字化城市管理信息系统操作指南,数字化城市管理信息系统标准汇编。 |
| ● |
| 相关链接 |
|
|
|
正题名:数字化城市管理信息系统基本原理
索取号:TU984-39/Y300
 
预约/预借
| 序号 | 登录号 | 条形码 | 馆藏地/架位号 | 状态 | 备注 |
| 1 | 724568 | 207245685 | 建筑库201/201建筑库 91排1列2层/ [索取号:TU984-39/Y300] | 在馆 | |
| 2 | 724569 | 207245694 | 建筑库201/201建筑库 91排1列2层/ [索取号:TU984-39/Y300] | 在馆 | |
| 3 | 724570 | 207245701 | 建筑库201/201建筑库 91排1列2层/ [索取号:TU984-39/Y300] | 在馆 |